Big Bang Theory Ultimate Name Game - Statistics

General Stats
  • This quiz has been taken 63 times
    39 since last reset
  • The average score is 22 of 46
Answer Stats
Hint Answer % Correct
Cooper Sheldon
97%
Farrah Fowler Amy
88%
Rostenkowski-Wolowitz Bernadette
88%
Wolowitz Howard
88%
Hofstadter Leonard
88%
Koothrappali Rajesh
88%
Cooper Mary
79%
Wheaton Wil
79%
Kripke Barry
73%
Cooper Missy
73%
Hofstadter Beverly
70%
Bloom Stuart
70%
Winkle Leslie
67%
Hawking Stephen
67%
Nye Bill
64%
Cooper* George
64%
Takei George
64%
Earl Jones James
61%
Koothrappali Priya
61%
Hofstadter Penny
58%
Wolowitz Debbie
48%
Sweeney Emily
48%
Wozniak Steve
48%
deGrasse Tyson Neil
45%
Rostenkowski Mike
36%
Lee Stan
36%
Gablehauser Eric
30%
Fillion Nathan
30%
Barnett Stephanie
30%
Glau Summer
30%
Burton LeVar
27%
Wolowitz* Sam
27%
Cinnamon
24%
Underhill David
24%
Johnson Zack
24%
Spiner Brent
21%
Sackhoff Katie
21%
Jeffries Arthur
18%
Lovey Dovey
18%
Plimpton Elizabeth
15%
Glenn
15%
Davis Janine
15%
Nowitzki Ramona
15%
Mitzy
12%
Wolowitz Josh
9%
Lucky
9%
No matching quizzes found
Score Distribution
Percent of People with Each Score
Percentile by Number Answered
Your Score History
You have not taken this quiz since the last reset